000 01308nam a2200133Ia 4500
008 220615s9999||||xx |||||||||||||| ||und||
020 _a9783040000000
245 0 _aShape Memory Alloys 2020
546 _aEnglish[eng]
650 _ashape memory alloys||cyclic tests||fatigue test||energy dissipation||earthquake engineering||NiTiNb||anisotropy||texture||SME||pipe joints||NiTi||selective laser melting||additive manufacturing||lattice structure||EBSD||superelasticity||metamagnetic shape memory alloys||structural defects||magnetocaloric effect||mechanical damping||martensitic transitions||phonon softening||resonant ultrasound spectroscopy||laser-ultrasound||elastic constants||high-temperature shape memory alloys||titanium palladium||titanium platinum||multi-component alloys||medium-entropy alloys||high-entropy alloys||laser powder bed fusion||density control||structure control||process simulation||shape memory alloy||Fe-Mn-Al-Ni||cyclic heat treatment||co-based Heusler alloy||martensitic transformation||metamagnetic shape memory alloy||phase diagram||magnetic-field-induced transition||intermetallic||microstructure||differential scanning calorimetry||X-ray diffraction||mechanical testing||n/a
700 _aLopez, Gabriel A.
856 _uhttps://mdpi.com/books/pdfview/book/4571
942 _cEB
999 _c19105
_d19105